Chivas - nauczyłem się przeklinać - Statystyki

Ogólne statystyki
  • Ten quiz został rozwiązany 120 razy
  • Średni wynik to 11 z 15
Statystyki odpowiedzi
Numer Tytuł Gośc % Poprawnych
7 Mam Na Twarzy Krew I Tym Razem Nie Jest Sztuczna White 2115
92%
15 Najlepsi Pod Słońcem Szpaku
87%
12 Hellcat Redeye White 2115 & Szpaku
86%
4 XO
81%
10 Młody Say10
77%
8 Jakbym Miał W Ręku Klamkę
75%
2 Odkąd Nauczyłem Się Przeklinać
75%
1 To Dopiero Początek
75%
14 To Nie Koniec
75%
5 Palenie Zabija
73%
11 Charger
70%
6 Death Metalowy T-Shirt
67%
9 Comme des Garçons
66%
3 Generacja Hip-Hop
66%
13 Zabij Dla Mnie
63%
Nie znaleziono quizów pasujących do podanych kryteriów
Rozkład punktacji
Procent ludzi z każdym wynikiem
Percentyl według liczby udzielonych odpowiedzi
Twoja historia wyników
Nie rozwiązałeś tego quizu